000 00360nam a2200169Ia 4500
003 0100
008 130303s9999 xx 000 0 und d
040 _cARRUPELIB
050 _aBS1521.K951952
100 _aKuist, H.T
245 _aJeremiah Lamentations
260 _aLondon
260 _bSCM Press LTD
260 _C1952
300 _a147p
942 0 0 _02
999 _c54862
_d54862